000 00553nam a2200181Ia 4500
003 GCL
008 140319s9999 xx 000 0 ara d
040 _aGCL /
_cGCL
082 0 4 _a246.1
_bم ا
100 1 _aمهرى ابوسعدة
245 1 0 _aالاتجاة العقلى فى مشكلة المعرفة عند المعتزلة /
_cمهرى ابوسعدة
700 1 _aعاطف عراقى
300 _a332 ص
490 _a
650 0 4 _aالفلسفة الاسلامية
650 0 4 _aالمعتزلة (علم الكلام)
942 _2ddc
_cBK
999 _c38861
_d38861